000 01456nam0a2200373 4500
001 RU\NLR\bibl\145058
005 20250618045713.0
010 _a5-85582-050-5
_93200
021 _aRU
_b2000-48534
_92233
035 _a(NLR Aleph) 000142116
090 _a813785
_c813785
100 _a20010320d2000 |||y0rusy50 ca
101 1 _arus
_ceng
102 _aRU
105 _aa |||||||||
200 1 _aПолноценное питание при пищевой аллергии
_eЛюбимые блюда без нежелат. ингредиентов
_e[Перевод]
_fМэрилин Джианнини
_gПредисл. Ж. Крон
210 _aМ.
_cЛори
_d2000
215 _a270 с.
_d23
606 0 _aАллергия к пищевым продуктам
_xЛечебное питание
_9953163
_3RU\NLR\auth\6635848
606 0 _aПищевая аллергия
_xЛечебное питание
_92202409
_3RU\NLR\auth\661323399
610 0 _aПитание лечебное
610 0 _aАллергия и аллергические болезни пищевые
675 _a616-056.3-085.874.2:613.2
_v3
_zrus
686 _a76.03
_2rugasnti
686 _a52.5
_2rubbk
686 _aЛ996.5
686 _aР41,2-51
700 1 _aДжианнини
_gМэрилин
_4070
801 0 _aRU
_bRKP
_c20010320
_gPSBO
801 1 _aRU
_bRKP
_c20010320
801 2 _aRU
_bNLR
_c20010504
_grcr
942 _cBOOK
980 _aNB